Catalog

Record Details

Catalog Search



Lze vychovávat k úctě a sebeúctě?  Cover Image Book Book

Lze vychovávat k úctě a sebeúctě? / editoři Lea Květoňová, Zbyněk Němec, Naděžda Pelcová, Zbyněk Zicha

Record details

  • ISBN: 978-80-7603-185-2
  • Physical Description: 253 stran : ilustrace ; 21 cm
  • Publisher: Praha : Univerzita Karlova, Pedagogická fakulta, 2020

Content descriptions

Bibliography, etc. Note:
Obsahuje bibliografie a bibliografické odkazy
Language Note:
Částečně slovenský text, anglické resumé
Subject: úcta
sebeúcta
jinakost
tolerance (postoj)
výchova k hodnotám
respect
self-esteem
otherness (philosophy)
tolerance (philosophy)
values education
Genre: kolektivní monografie
collective monographs

Available copies

  • 1 of 1 copy available at Common Catalog SPOK.

Holds

  • 0 current holds with 1 total copy.
Show All Copies
Location Call Number / Copy Notes Barcode Shelving Location Status Due Date
Jabok Library Ped-5/K 424480046219 Odborná literatura Available -

LDR 02050nam a2200577 i 4500
00157556
003CZ-PrJAB
00520210405154117.0
007ta
008201126s2020 xr a f 000 0 cze
015 . ‡acnb003266371
020 . ‡a978-80-7603-185-2 ‡q(brožováno)
035 . ‡a(CZ PrNK)nkc20203266371
035 . ‡a(OCoLC)1245648505
040 . ‡aABA001 ‡bcze ‡erda
0410 . ‡acze ‡aslo ‡beng
072 7. ‡a37 ‡xVýchova a vzdělávání ‡2Konspekt ‡922
080 . ‡a177.7 ‡2MRF
080 . ‡a159.923.35 ‡2MRF
080 . ‡a17.021-021.254 ‡2MRF
080 . ‡a172 ‡2MRF
080 . ‡a37.015.312 ‡2MRF
080 . ‡a(048.8:082) ‡2MRF
24500. ‡aLze vychovávat k úctě a sebeúctě? / ‡ceditoři Lea Květoňová, Zbyněk Němec, Naděžda Pelcová, Zbyněk Zicha
264 1. ‡aPraha : ‡bUniverzita Karlova, Pedagogická fakulta, ‡c2020
300 . ‡a253 stran : ‡bilustrace ; ‡c21 cm
336 . ‡atext ‡btxt ‡2rdacontent
337 . ‡abez média ‡bn ‡2rdamedia
338 . ‡asvazek ‡bnc ‡2rdacarrier
4901 . ‡aStudia didactica ; ‡vII.
504 . ‡aObsahuje bibliografie a bibliografické odkazy
546 . ‡aČástečně slovenský text, anglické resumé
65007. ‡aúcta ‡7ph475710 ‡2czenas
65007. ‡asebeúcta ‡7ph441064 ‡2czenas
65007. ‡ajinakost ‡7ph762437 ‡2czenas
65007. ‡atolerance (postoj) ‡7ph126676 ‡2czenas
65007. ‡avýchova k hodnotám ‡7ph945459 ‡2czenas
65009. ‡arespect ‡2eczenas
65009. ‡aself-esteem ‡2eczenas
65009. ‡aotherness (philosophy) ‡2eczenas
65009. ‡atolerance (philosophy) ‡2eczenas
65009. ‡avalues education ‡2eczenas
655 7. ‡akolektivní monografie ‡7fd501537 ‡2czenas
655 9. ‡acollective monographs ‡2eczenas
7001 . ‡aKvětoňová, Lea, ‡d1963- ‡7mzk2002164015 ‡4edt
7001 . ‡aNěmec, Zbyněk ‡7jo2014815816 ‡4edt
7001 . ‡aPelcová, Naděžda, ‡d1954- ‡7jn20001103128 ‡4edt
7001 . ‡aZicha, Zbyněk, ‡d1980- ‡7mzk2014843560 ‡4edt
830 0. ‡aStudia didactica
910 . ‡aABG312
995 . ‡aska
901 . ‡a57556 ‡bAUTOGEN ‡c57556 ‡tbiblio

Additional Resources